书目信息 |
| 题名: |
科技进步与社会发展丛书-蓝色的疆土-海洋科学与社会
|
|
| 作者: | 宋金明 编 | |
| 分册: | ||
| 出版信息: | 济南 山东科学技术出版社 1998.12 |
|
| 页数: | 440页 | |
| 开本: | 32开 | |
| 丛书名: | ||
| 单 册: | ||
| 中图分类: | ||
| 科图分类: | ||
| 主题词: | 海洋学 | |
| 电子资源: | ||
| ISBN: | 7-5331-2168-6 | |
| 000 | 00651nam0 2200205 45 | |
| 001 | 9912101581 | |
| 005 | 19991210153922.9 | |
| 010 | @a7-5331-2168-6@d29.00元 | |
| 100 | @a19991210d1998 km y0chiy0120 ea | |
| 101 | @achi | |
| 105 | @a z 000yy | |
| 200 | 1 | @a科技进步与社会发展丛书-蓝色的疆土-海洋科学与社会@AKe Ji Jin Bu Yu She Hui Fa Zhan Cong Shu-Lan Se De Jiang Tu-Hai Yang Ke Xue Yu She Hui@f宋金明编@FSong Jin Ming Bian |
| 210 | @a济南@c山东科学技术出版社@d1998.12 | |
| 215 | @a440页@d32开 | |
| 606 | 0 | @a海洋学 |
| 690 | @v3 | |
| 690 | @aP7-01 | |
| 701 | @a宋金明@4编 | |
| 801 | @aCN@bPFTUser@c19991210 | |
| 905 | @f3@b46427-429@dP7-01@eS529 | |
| 科技进步与社会发展丛书-蓝色的疆土-海洋科学与社会/宋金明编.-济南:山东科学技术出版社,1998.12 |
| 440页;32开 |
| ISBN 7-5331-2168-6:29.00元 |
| ● |
| 相关链接 |
|
|
|
正题名:科技进步与社会发展丛书-蓝色的疆土-海洋科
索取号:P7-01/S529
 
预约/预借
| 序号 | 登录号 | 条形码 | 馆藏地/架位号 | 状态 | 备注 |
| 1 | 46427 | 200464274 | 自科二线504/504自科库 39排2列2层/ [索取号:P7-01/S529] | 在馆 | |
| 2 | 46428 | 200464283 | 社科二线400B/401自科库 130排1列1层/ [索取号:P7-01/S529] | 在馆 | |
| 3 | 46429 | 200464292 | 社科二线400B/401自科库 130排1列1层/ [索取号:P7-01/S529] | 在馆 |